Normal view
MARC view
- Armatures
Entry Topical Term
001 - CONTROL NUMBER
- control field: 41381
003 - CONTROL NUMBER IDENTIFIER
- control field: NUST
005 - DATE AND TIME OF LATEST TRANSACTION
- control field: 20210314132036.0
008 - FIXED-LENGTH DATA ELEMENTS
- fixed length control field: 210314|| aca||aabn | a|a d
040 ## - CATALOGING SOURCE
- Original cataloging agency: NUST
- Transcribing agency: NUST
150 ## - HEADING--TOPICAL TERM
- Topical term or geographic name entry element: Armatures
670 ## - SOURCE DATA FOUND
- Source citation: Work cat.: (NUST): Braymer, Daniel Harvey, 41380, Armature winding and motor repair;, 1920.
